000 00268nam a2200109Ia 4500
008 200302s9999 xx 000 0 und d
100 _aJane Jacobs
245 _aCities and the Wealth of Nations
260 _bGreat Britain By Viking
260 _c1985
300 _a257 P.,
999 _c5679
_d5679